Name The Celebrity- Mononymous Edition - Statistics

General Stats
  • This quiz has been taken 53 times
  • The average score is 9 of 20
Answer Stats
Hint Answer % Correct
_______ Giselle Knowles Beyonce
94%
_____ Gail Winfrey Oprah
85%
Robyn _______ Fenty Rihanna
73%
_______ Louise Ciccone Madonna
69%
Gordon Matthew Thomas Sumner Sting
56%
_______ Maree Stoermer Coleman Zendaya
50%
_____ Guðmundsdóttir Bjork
48%
____ Sarkisian Cher
46%
_____ Laurie Blue Adkins Adele
44%
Paul David Hewson Bono
42%
_______ Quintanilla Selena
42%
______ Rogers Nelson Prince
38%
_____ Raymond IV Usher
38%
Henry Olusegun Adeola Samuel Seal
31%
______ Lambrini Diamandis Marina
25%
_____ Rose Sebert Kesha
21%
_______ Isabel Mebarak Ripoll Shakira
21%
___ Kate Isobelle Furler Sia
17%
____ David Campbell (Hansen) Beck
13%
Zara Mohamed Abdulmajid Iman
10%
No matching quizzes found
Score Distribution
Percent of People with Each Score
Percentile by Number Answered
Your Score History
You have not taken this quiz